Statistiques concernant Cyclisme : Cyclistes Français en WT et ProTeam saison 2023

Cliquez ici pour prendre le quiz!

Statistiques générales

  • Ce quiz a été pris 71 fois
    (69 depuis la dernière actualisation)
  • Le résultat moyen est 46 sur 106

Statistiques - réponses

HintRéponse% Correct
Soudal - Quick StepJulian ALAPHILIPPE
100%
Team dsm - firmenichRomain BARDET
98%
Jumbo-VismaChristophe LAPORTE
95%
Groupama - FDJDavid GAUDU
91%
Groupama - FDJThibaut PINOT
89%
Groupama - FDJArnaud DÉMARE
84%
Soudal - Quick StepRémi CAVAGNA
84%
Soudal - Quick StepFlorian SÉNÉCHAL
82%
CofidisGuillaume MARTIN
80%
Groupama - FDJValentin MADOUAS
80%
Lidl - TrekJulien BERNARD
76%
INEOS GrenadiersPavel SIVAKOV
76%
Intermarché - Circus - WantyAdrien PETIT
75%
Lidl - TrekKenny ELISSONDE
75%
Team Arkéa SamsicWarren BARGUIL
73%
Groupama - FDJLenny MARTINEZ
71%
AG2R Citroën TeamBenoît COSNEFROY
69%
Groupama - FDJRomain GRÉGOIRE
69%
Lidl - TrekTony GALLOPIN
67%
CofidisBryan COQUARD
65%
CofidisVictor LAFAY
65%
TotalEnergiesMathieu BURGAUDEAU
64%
TotalEnergiesPierre LATOUR
64%
AG2R Citroën TeamAurélien PARET-PEINTRE
58%
Intermarché - Circus - WantyHugo PAGE
58%
Intermarché - Circus - WantyLilian CALMEJANE
58%
Groupama - FDJOlivier LE GAC
58%
Team dsm - firmenichRomain COMBAUD
58%
AG2R Citroën TeamValentin PARET-PEINTRE
58%
Team Arkéa SamsicNacer BOUHANNI
56%
CofidisAnthony PEREZ
55%
BORA - hansgroheVictor KORETZKY
53%
TotalEnergiesAnthony TURGIS
51%
TotalEnergiesGeoffrey SOUPE
51%
Groupama - FDJRudy MOLARD
49%
CofidisAxel ZINGLE
45%
Groupama - FDJBruno ARMIRAIL
45%
Groupama - FDJPaul PENHOËT
45%
AG2R Citroën TeamClément BERTHET
44%
Burgos-BHCyril BARTHE
44%
AG2R Citroën TeamMarc SARREAU
44%
Team Arkéa SamsicKévin VAUQUELIN
42%
Team Arkéa SamsicLaurent PICHON
42%
AG2R Citroën TeamNans PETERS
42%
TotalEnergiesValentin FERRON
42%
AG2R Citroën TeamAlex BAUDIN
40%
Team Arkéa SamsicClément CHAMPOUSSIN
40%
AG2R Citroën TeamDorian GODON
40%
Groupama - FDJMatthieu LADAGNOUS
40%
CofidisAlexis RENARD
38%
Team Arkéa SamsicAnthony DELAPLACE
38%
Team Arkéa SamsicÉlie GESBERT
38%
TotalEnergiesAlexis VUILLERMOZ
36%
Groupama - FDJClément DAVY
36%
AG2R Citroën TeamClément VENTURINI
36%
AG2R Citroën TeamFranck BONNAMOUR
36%
TotalEnergiesJulien SIMON
36%
TotalEnergiesSandy DUJARDIN
36%
CofidisThomas CHAMPION
36%
CofidisBenjamin THOMAS
35%
Team Arkéa SamsicMatis LOUVEL
35%
AG2R Citroën TeamMickaël CHEREL
35%
Groupama - FDJQuentin PACHER
35%
Groupama - FDJEnzo PALENI
33%
Team Arkéa SamsicEwen COSTIOU
33%
AG2R Citroën TeamPaul LAPEIRA
33%
CofidisPierre-Luc PÉRICHON
33%
CofidisRémy ROCHAS
33%
CofidisHugo TOUMIRE
31%
TotalEnergiesThomas BONNET
31%
AG2R Citroën TeamBastien TRONCHON
29%
TotalEnergiesFabien DOUBEY
29%
Team Arkéa SamsicHugo HOFSTETTER
29%
AG2R Citroën TeamAntoine RAUGEL
27%
Team Arkéa SamsicClément RUSSO
27%
AG2R Citroën TeamDamien TOUZÉ
27%
TotalEnergiesEmilien JEANNIÈRE
27%
CofidisFrançois BIDARD
27%
Team Arkéa SamsicKévin LEDANOIS
27%
Team Arkéa SamsicMathis LE BERRE
27%
Bingoal WBAlexis GUERIN
25%
Team Arkéa SamsicDonavan GRONDIN
25%
TotalEnergiesLorrenzo MANZIN
25%
AG2R Citroën TeamValentin RETAILLEAU
25%
TotalEnergiesAlan JOUSSEAUME
24%
TotalEnergiesFabien GRELLIER
24%
TotalEnergiesJason TESSON
24%
AG2R Citroën TeamPierre GAUTHERAT
24%
AG2R Citroën TeamGeoffrey BOUCHARD
22%
Team Arkéa SamsicMaxime BOUET
22%
Bingoal WBNathan VANDEPITTE
22%
Team Arkéa SamsicNicolas EDET
22%
TotalEnergiesPaul OURSELIN
22%
Team Arkéa SamsicAlan RIOU
20%
CofidisAlexandre DELETTRE
20%
CofidisEddy FINÉ
20%
AG2R Citroën TeamNicolas PRODHOMME
20%
CofidisAxel MARIAULT
18%
Burgos-BHClément ALLENO
18%
Team Arkéa SamsicLouis BARRÉ
18%
Team Arkéa SamsicThibault GUERNALEC
16%
TotalEnergiesJérémy CABOT
15%
AG2R Citroën TeamJordan LABROSSE
15%
TotalEnergiesMattéo VERCHER
15%
Team Arkéa SamsicSimon GUGLIELMI
13%
AG2R Citroën TeamKillian VERSCHUREN
9%

Distribution des résultats

Percentile par nombre de réponses

% des personnes avec chaque résultat

Votre développement - résultats

Vous n’avez pas pris ce quiz depuis la dernière actualisation